|
|
|
|
| LEADER |
00000nam0a2200000 4500 |
| 001 |
312529 |
| 005 |
20231102002508.0 |
| 020 |
|
|
|a RU
|b 82-31168
|
| 035 |
|
|
|a (RuTPU)RU\TPU\book\337898
|
| 090 |
|
|
|a 312529
|
| 100 |
|
|
|a 20151223d1982 km y0rusy5003 ca
|
| 101 |
0 |
|
|a rus
|
| 102 |
|
|
|a RU
|
| 105 |
|
|
|a a z 001zy
|
| 200 |
1 |
|
|a Теория металлизации железорудного сырья
|f Ю. С. Юсфин [и др.]
|
| 210 |
|
|
|a Москва
|c Металлургия
|d 1982
|
| 215 |
|
|
|a 256 с.
|c ил.
|
| 300 |
|
|
|a Авт. указаны на обороте тит. л.
|
| 320 |
|
|
|a Библиогр.: с. 255-256
|
| 606 |
1 |
|
|a Железные руды
|x Восстановление прямое
|2 stltpush
|3 (RuTPU)RU\TPU\subj\10486
|9 37554
|
| 610 |
1 |
|
|a металлизация
|
| 610 |
1 |
|
|a железорудное сырье
|
| 610 |
1 |
|
|a внедоменное производство
|
| 610 |
1 |
|
|a оксиды
|
| 610 |
1 |
|
|a структура "текст в тексте"
|
| 610 |
1 |
|
|a кинетика
|
| 610 |
1 |
|
|a науглероживание
|
| 610 |
1 |
|
|a газодинамика
|
| 610 |
1 |
|
|a вредные примеси
|
| 610 |
1 |
|
|a требования
|
| 610 |
1 |
|
|a расчеты
|
| 610 |
1 |
|
|a экономическая оценка
|
| 675 |
|
|
|a 669.12
|z rus
|v 3
|
| 701 |
|
1 |
|a Юсфин
|b Ю. С.
|g Юлиан Семенович
|
| 701 |
|
1 |
|a Даньшин
|b В. В.
|
| 701 |
|
1 |
|a Пашков
|b Н. Ф.
|
| 701 |
|
1 |
|a Питателев
|b В. А.
|g Юлиан Семенович
|
| 801 |
|
0 |
|a RU
|b RuMRKP
|c 19950704
|g psbo
|
| 801 |
|
1 |
|a RU
|b 63413507
|c 20151223
|
| 801 |
|
2 |
|a RU
|b 63413507
|c 20191002
|g RCR
|
| 942 |
|
|
|c BK
|